| 000 | 01515cam a22003734a 4500 | ||
|---|---|---|---|
| 001 | 16569947 | ||
| 003 | Nust- CAS-E | ||
| 005 | 20180118181357.0 | ||
| 008 | 101207s2011 enka b 001 0 eng | ||
| 010 | _a 2010046394 | ||
| 020 | _a9780470682548 | ||
| 020 | _a047068254X | ||
| 035 | _a(OCoLC)ocn687714431 | ||
| 040 |
_aDLC _cDLC _dYDX _dBTCTA _dYDXCP _dITD _dDLC |
||
| 042 | _apcc | ||
| 050 | 0 | 0 |
_aTK7872.P54 _bE78 2011 |
| 082 | 0 | 0 |
_a621.313 _222 _bERT 2011 |
| 084 |
_aTEC031000 _2bisacsh |
||
| 100 | 1 | _aErturk, Alper. | |
| 245 | 1 | 0 |
_aPiezoelectric energy harvesting / _cAlper Erturk, Daniel J. Inman. |
| 260 |
_aChichester : _bWiley, _c2011. |
||
| 300 |
_axx, 392 p. : _bill. ; _c26 cm. |
||
| 504 | _aIncludes bibliographical references and index. | ||
| 520 | _a"The goal is to eliminate the need for periodic battery replacement or external power sources in situations where this would otherwise be difficult or impossible to provide, such as remote wireless sensors used in hazardous environments or for structural health monitoring applications"-- | ||
| 650 | 0 | _aPiezoelectric transducers. | |
| 650 | 0 | _aElectric generators. | |
| 650 | 0 | _aPiezoelectricity. | |
| 650 | 0 | _aEnergy harvesting. | |
| 700 | 1 | _aInman, D. J. | |
| 856 | 4 | 2 |
_3Cover image _uhttp://catalogimages.wiley.com/images/db/jimages/9780470682548.jpg |
| 906 |
_a7 _bcbc _corignew _d1 _eecip _f20 _gy-gencatlg |
||
| 942 |
_2ddc _cBK |
||
| 999 |
_c355324 _d355324 |
||